দরজার ওপাশে /

Detalles Bibliográficos
Autor Principal: আহমেদ, হুমায়ূন
Formato: Libro
Idioma:Bengali
Publicado: ঢাকা : জ্ঞানকোষ প্রকাশনী, ১৯৯২ [পুন মুদ্রণ ২০১৮]
Subjects:
Classic Catalogue: View this record in Classic Catalogue
LEADER 01081nam a22002537a 4500
001 34840
003 BD-DhAAL
005 20250807144832.0
008 190722r20181992bg ||||| |||| 00| 1 ben d
020 |a 9789848933510 
040 |a BD-DhAAL  |d BD-DhAAL 
041 |a ben 
082 |2 23  |a 891.44371 
100 |a আহমেদ, হুমায়ূন  |9 32998 
245 |a দরজার ওপাশে /  |c হুমায়ূন আহমেদ. 
260 |a ঢাকা :  |b জ্ঞানকোষ প্রকাশনী,  |c ১৯৯২ [পুন মুদ্রণ ২০১৮] 
300 |a ১১৭ পৃষ্ঠা ;  |c ২২ সে.মি. 
526 |a Residential Campus 
541 |a Development Book Agency  |e 34840 
650 |a Bengali fiction  |z Bangladesh.  |9 32999 
852 |a Savar Campus Library  |c General Stacks 
942 |2 ddc  |c BK 
999 |c 40923  |d 40923 
952 |0 0  |1 0  |2 ddc  |4 0  |6 891_443710000000000_AHM  |7 0  |9 65687  |a SCL  |b SCL  |c GEN  |d 2019-07-17  |e Development Book Agency  |g 153.00  |l 22  |m 20  |o 891.44371 AHM  |p 3020034840  |r 2026-05-08  |s 2026-04-26  |t 1  |v 153.00  |w 2019-07-17  |y BK